00873nam a22002417a 450000500170000001000130001702000220003003500130005203700160006504000120008108200170009310000320011024500980014226000460024027000520028630000270033850000210036565000310038665000230041794200260044099900190046695201460048520170124110202.0 aB-061191 c00.00a8172234317 aB-061191 bCen Lib/Ret aDPLbEN a005.092bRAJ aRajghatta, Chidanand936375 aThe horse that flew :cby Chidanand Rajghattabhow India's silicon gurus spread their wings / aNew DelhibHarperCollins Publishersc2001 a7/16, Ansari Road, DaryaganjbNew Delhie110002 axxii, 375p. c23cm(Hb) aIncludes index  aComputer scientists936376 aEast Indians99667 2ddccENh005.092mRAJ c132978d132978 00104070aLbLd2015-07-24eCen Lib/Retg0.00l0o005.092 RAJpB-061191r2015-07-24 00:00:00t1v0.00w2015-07-24yENzW/d list no. 6804/25